header

Progress in abrasive and grinding technology (Record no. 195812)

MARC details
000 -LEADER
fixed length control field 01418nam a2200349 a 4500
245 00 - TITLE STATEMENT
Title Progress in abrasive and grinding technology
260 ## - PUBLICATION, DISTRIBUTION, ETC. (IMPRINT)
Place of publication Stafa-Zurich, Switzerland ;
-- Enfield, N.H. :
Name of publisher Trans Tech Publications,
Year of publication c2009.
300 ## - PHYSICAL DESCRIPTION
Number of Pages viii, 196 p. :
Other physical details ill.
650 #0 - SUBJECT ADDED ENTRY--TOPICAL TERM
Topical Term Abrasives.
Topical Term Grinding and polishing.
700 1# - ADDED ENTRY--PERSONAL NAME
Personal name Xu, Xipeng.
856 40 - ELECTRONIC LOCATION AND ACCESS
Uniform Resource Identifier http://site.ebrary.com/lib/rucke/Doc?id=10604066

No items available.

© 2026 Rongo University
Contact us: librarian | system librarian | Rongo university